Un autre monde; (Record no. 3441)

MARC details
000 -LEADER
fixed length control field 00580cam a22002051 4500
001 - CONTROL NUMBER
control field af 47006167
003 - CONTROL NUMBER IDENTIFIER
control field DLC
005 - DATE AND TIME OF LATEST TRANSACTION
control field 20260227110836.0
008 - FIXED-LENGTH DATA ELEMENTS--GENERAL INFORMATION
fixed length control field 831012s1945 be 000 0 fre
010 ## - LIBRARY OF CONGRESS CONTROL NUMBER
LC control number af 47006167
035 ## - SYSTEM CONTROL NUMBER
System control number (OCoLC)23433164
040 ## - CATALOGING SOURCE
Original cataloging agency DLC
Transcribing agency MiU
Modifying agency DLC
050 00 - LIBRARY OF CONGRESS CALL NUMBER
Classification number E169
Item number .B755
082 ## - DEWEY DECIMAL CLASSIFICATION NUMBER
Classification number 917.3
100 1# - MAIN ENTRY--PERSONAL NAME
Personal name Bouckaert, Albert.
245 13 - TITLE STATEMENT
Title Un autre monde;
Remainder of title 25.000 kilomètres à travers les États-Unis et le Canada.
260 ## - PUBLICATION, DISTRIBUTION, ETC.
Place of publication, distribution, etc. Bruxelles,
Name of publisher, distributor, etc. Meddens
Date of publication, distribution, etc. [1945]
300 ## - PHYSICAL DESCRIPTION
Extent 311, [1] p.
Dimensions 21 cm.
651 #0 - SUBJECT ADDED ENTRY--GEOGRAPHIC NAME
Geographic name United States
General subdivision Description and travel.

No items available.

Powered by Koha